000 01068cam a2200289 a 4500
999 _c5599
_d5599
001 3873274
003 GBCCL
005 20241126110545.0
008 890809s1990 nyu 000 1 eng
010 _a 89039230
020 _a0385299079 :
_c$21.95 ($27.50 Can.)
040 _aDLC
_cDLC
_dDLC
_dOCoLC
_dDLC
043 _aa-vt---
050 0 0 _aPS3569.T33828
_bM4 1990
082 0 0 _a813.54
_220
_bSTE
100 1 _aSteel, Danielle.
_910121
245 1 0 _aMessage from Nam /
_cDanielle Steel.
260 _aNew York, N.Y. :
_bDelacorte Press,
_cc1990.
300 _axiii, 389 p. ;
_c25 cm.
650 0 _aVietnam War, 1961-1975
_vFiction.
_910122
655 7 _aWar stories.
_2gsafd
_910123
856 4 1 _3Sample text
_uhttp://www.loc.gov/catdir/samples/random041/89039230.html
856 4 2 _3Publisher description
_uhttp://www.loc.gov/catdir/description/random042/89039230.html
906 _a7
_bcbc
_corignew
_d1
_eocip
_f19
_gy-gencatlg
942 _2ddc
_cBK